000167165 001__ 167165
000167165 005__ 20260121151432.0
000167165 037__ $$aTAZ-TFG-2025-1571
000167165 041__ $$aspa
000167165 1001_ $$aDaniel Gil, Malena
000167165 24200 $$aThe study of Operational Chains in Rock Art: The case of the clay paintings of Cova Dones (Millares, Valencia)
000167165 24500 $$aEl estudio de las cadenas operativas en el arte rupestre: el caso de las pinturas de arcilla de Cova Dones (Millares, Valencia)
000167165 260__ $$aZaragoza$$bUniversidad de Zaragoza$$c2025
000167165 506__ $$aby-nc-sa$$bCreative Commons$$c3.0$$uhttp://creativecommons.org/licenses/by-nc-sa/3.0/
000167165 520__ $$aEl presente trabajo contiene una revisión bibliográfica centrada en los estudios sobre técnica y tecnología en el arte rupestre, abarcando desde los enfoques pioneros hasta la acuñación del concepto de chaîne opératoire por Léroi-Gourhan y la aplicación de éste en el estudio del arte rupestre del Paleolítico Superior. Además, se ha procedido a realizar una reconstrucción de la cadena operativa de las pinturas de arcilla de Cova Dones (Millares, Valencia), lo que supone la aplicación de un marco teórico específico a un caso práctico concreto.<br /><br />
000167165 521__ $$aGraduado en Historia
000167165 540__ $$aDerechos regulados por licencia Creative Commons
000167165 691__ $$a0
000167165 692__ $$a
000167165 700__ $$aRuiz Redondo, Aitor$$edir.
000167165 7102_ $$aUniversidad de Zaragoza$$bHistoria$$c
000167165 8560_ $$f845329@celes.unizar.es
000167165 8564_ $$s2075601$$uhttps://zaguan.unizar.es/record/167165/files/TAZ-TFG-2025-1571.pdf$$yMemoria (spa)
000167165 909CO $$ooai:zaguan.unizar.es:167165$$pdriver$$ptrabajos-fin-grado
000167165 950__ $$a
000167165 951__ $$adeposita:2026-01-21
000167165 980__ $$aTAZ$$bTFG$$cFFYL
000167165 999__ $$a20250529184303.CREATION_DATE